Mê kông ký sự : Phim tài liệu
Đã lưu trong:
| Hovedforfatter: | |
|---|---|
| Format: | Bog |
| Sprog: | Undetermined |
| Udgivet: |
Thành phố Hồ Chí Minh
Hãng phim truyền hình Thành phố Hồ Chí Minh
2006
|
| Fag: | |
| Tags: |
Tilføj Tag
Ingen Tags, Vær først til at tagge denne postø!
|
| Thư viện lưu trữ: | Trung tâm Học liệu Trường Đại học Cần Thơ |
|---|
| LEADER | 00651nam a2200229Ia 4500 | ||
|---|---|---|---|
| 001 | CTU_107567 | ||
| 008 | 210402s9999 xx 000 0 und d | ||
| 020 | |c 30000 | ||
| 082 | |a 791.43 | ||
| 082 | |b Kh113/T.8 | ||
| 100 | |a Phạm, Khắc | ||
| 245 | 0 | |a Mê kông ký sự : | |
| 245 | 0 | |b Phim tài liệu | |
| 245 | 0 | |c Phạm Khắc | |
| 260 | |a Thành phố Hồ Chí Minh | ||
| 260 | |b Hãng phim truyền hình Thành phố Hồ Chí Minh | ||
| 260 | |c 2006 | ||
| 650 | |a Motion pictures | ||
| 904 | |i Tuyến | ||
| 910 | |c 30.000 | ||
| 915 | |a 700 | ||
| 980 | |a Trung tâm Học liệu Trường Đại học Cần Thơ | ||